Countries of Asia in Alphabetical Order - Statistics

General Stats
  • This quiz has been taken 31 times
  • The average score is 40 of 48
Answer Stats
Population Country % Correct
38,928,346 A Afghanistan
96%
1,439,323,776 C China
96%
2,963,243 A Armenia
93%
771,608 B Bhutan
93%
1,380,004,385 I India
93%
83,992,949 I Iran
93%
40,222,493 I Iraq
93%
5,106,626 O Oman
93%
10,139,177 A Azerbaijan
89%
16,718,965 C Cambodia
89%
8,655,535 I Israel
89%
126,476,461 J Japan
89%
25,778,816 N North Korea
89%
2,881,053 Q Qatar
89%
164,689,383 B Bangladesh
85%
273,523,615 I Indonesia
85%
10,203,134 J Jordan
85%
7,275,560 L Laos
85%
6,825,445 L Lebanon
85%
54,409,800 M Myanmar
85%
29,136,808 N Nepal
85%
220,892,340 P Pakistan
85%
51,269,185 S South Korea
85%
33,469,203 U Uzbekistan
85%
97,338,579 Y Yemen
85%
1,701,575 B Bahrain
81%
18,776,707 K Kazakhstan
81%
4,270,571 K Kuwait
81%
3,278,290 M Mongolia
81%
109,581,078 P Philippines
81%
34,813,871 S Saudi Arabia
81%
5,850,342 S Singapore
81%
21,413,249 S Sri Lanka
81%
23,816,775 T Taiwan
81%
9,890,402 U United Arab Emirates
81%
97,338,579 V Vietnam
81%
437,479 B Brunei
78%
6,524,195 K Kyrgyzstan
78%
32,365,999 M Malaysia
78%
69,799,978 T Thailand
78%
84,339,067 T Turkey
78%
6,031,200 T Turkmenistan
78%
3,989,167 G Georgia
74%
17,500,658 S Syria
74%
540,544 M Maldives
70%
9,537,645 T Tajikistan
70%
1,207,359 C Cyprus
67%
1,318,445 E East Timor
48%
No matching quizzes found
Score Distribution
Percent of People with Each Score
Percentile by Number Answered
Your Score History
You have not taken this quiz